Drug selectivity: An evolving concept in medicinal chemistry (Record no. 1214382)

MARC details
000 -LEADER
fixed length control field 01119nam a2200325Ia 4500
003 - CONTROL NUMBER IDENTIFIER
control field OSt
005 - DATE AND TIME OF LATEST TRANSACTION
control field 20221007124921.0
008 - FIXED-LENGTH DATA ELEMENTS--GENERAL INFORMATION
fixed length control field 221006b |||||||| |||| 00| 0 eng d
020 ## - INTERNATIONAL STANDARD BOOK NUMBER
International Standard Book Number 9783527335381 (HBK)
037 ## - SOURCE OF ACQUISITION
Terms of availability Textual
040 ## - CATALOGING SOURCE
Original cataloging agency CDL
Transcribing agency CDL
Language of cataloging eng
041 ## - LANGUAGE CODE
Source of code eng
Language code of text/sound track or separate title eng
100 ## - MAIN ENTRY--PERSONAL NAME
Personal name Handlen Norbert Ed.
9 (RLIN) 720997
245 #0 - TITLE STATEMENT
Title Drug selectivity: An evolving concept in medicinal chemistry
Remainder of title Buschmann Helmut Ed.
260 ## - PUBLICATION, DISTRIBUTION, ETC.
Place of publication, distribution, etc. Germany
Name of publisher, distributor, etc. John Wiley
Date of publication, distribution, etc. 2018
300 ## - PHYSICAL DESCRIPTION
Extent xvi,519p. ill.
Dimensions cm.
490 ## - SERIES STATEMENT
Volume/sequential designation Series Vol. 72
Series statement Methods and principles in medicinal chemistry
500 ## - GENERAL NOTE
General note Index 509-519p.
650 ## - SUBJECT ADDED ENTRY--TOPICAL TERM
Topical term or geographic name entry element Drug discovery
650 ## - SUBJECT ADDED ENTRY--TOPICAL TERM
Topical term or geographic name entry element Drug discovery
650 ## - SUBJECT ADDED ENTRY--TOPICAL TERM
Topical term or geographic name entry element Marketed drugs
9 (RLIN) 720998
650 ## - SUBJECT ADDED ENTRY--TOPICAL TERM
Topical term or geographic name entry element Chemistry
700 ## - ADDED ENTRY--PERSONAL NAME
Personal name Buschmann Helmut Ed.
9 (RLIN) 720999
942 ## - ADDED ENTRY ELEMENTS (KOHA)
Classification part F56, Q8 Carc
Koha item type Textual
Source of classification or shelving scheme Colon Classification (CC)
Holdings
Withdrawn status Lost status Source of classification or shelving scheme Damaged status Not for loan Home library Current library Date acquired Source of acquisition Serial Enumeration / chronology Total Checkouts Full call number Barcode Date last seen Price effective from Koha item type
    Colon Classification (CC)     Department of Chemistry Library Department of Chemistry Library 2022-10-07 14289, 18/02/2019, Intercontinental Book Agency Series Vol. 72   F56 Q8 Carc CD0009341 2022-10-07 2022-10-07 Textual
Copyright @ Delhi University Library System